Pure and applied biology PAB.

Detalles Bibliográficos
Autor Corporativo: International Society of Pure and Applied Biology
Formato: Electrónico Revista
Lenguaje:inglés
Publicado: Quetta, Pakistan : International Society of Pure and Applied Biology, 2012-
Materias:
Acceso en línea:Full text available from Research Library: 06/01/2012 to present

MARC

LEADER 00000nas a2200000 i 4500
001 ssj0000973075
003 WaSeSS
005 20200512172242.0
006 m d
007 cr n
008 130712c20129999pk qr p s | a0eng c
010 |a  2014268782 
022 |a 2304-2478 
035 |a (WaSeSS)ssj0000973075 
040 |a HNK  |b eng  |c HNK  |d HNK  |d OCLCO  |d OCLCF  |d SERSO  |d CUS  |d NTG  |d WaSeSS 
042 |a pcc 
050 4 |a QH301 
210 0 |a Pure appl. biol. 
222 0 |a Pure and applied biology 
245 0 0 |a Pure and applied biology  |h [electronic resource] :  |b PAB. 
246 1 |a PAB 
260 |a Quetta, Pakistan :  |b International Society of Pure and Applied Biology,  |c 2012- 
310 |a Quarterly 
362 1 |a Began with: Volume 1, issue 1 (June 2012). 
506 |a License restrictions may limit access. 
588 |a Description based on: Volume 1, issue 1 (June 2012); title from banner (publisher's Web site, viewed Oct. 28, 2014). 
588 |a Latest issue consulted: Volume 3, issue 3 (September 2014) (viewed Oct. 28, 2014). 
650 0 |a Biology  |v Periodicals. 
650 7 |a Biology.  |2 fast  |0 (OCoLC)fst00832383 
655 0 |a Electronic journals. 
710 2 |a International Society of Pure and Applied Biology. 
856 4 0 |z Full text available from Research Library: 06/01/2012 to present  |u https://search.proquest.com/publication/1936340